Normal view
MARC view
Entry Topical Term
001 - CONTROL NUMBER
- control field: 733847
003 - CONTROL NUMBER IDENTIFIER
- control field: OSt
005 - DATE AND TIME OF LATEST TRANSACTION
- control field: 20250117103544.0
008 - FIXED-LENGTH DATA ELEMENTS
- fixed length control field: 250117|| aca||aabn | a|a d
040 ## - CATALOGING SOURCE
- Original cataloging agency: OSt
- Transcribing agency: OSt
150 ## - HEADING--TOPICAL TERM
- Topical term or geographic name entry element: Continuous probability models
670 ## - SOURCE DATA FOUND
- Source citation: Work cat.: (OSt)1237718: Hastings, Kevin J 418761, Financial mathematics: From discrete to continuous time, 2023
